000 00475nam a2200181Ia 4500
008 240925s9999 xx 000 0 und d
020 _a9788131724262
082 _a621.38456 SCH
100 _aSchiller , Jochen
245 0 _aMobile Communications
250 _a2nd
260 _aNew Delhi:
_bPearson Education
_c,2009.
300 _axvii,653p.
_bN.A
_fPhotocopy
500 _aIncludes Index
600 _aElectronic Engineering
650 _aTechnology
942 _cBK
999 _c11814
_d11814